|
|
|
|
| LEADER |
00000ny a22000003n 4500 |
| 005 |
2011052302482.0 |
| 008 |
090127s2006 ck s 000 0 spa d |
| 020 |
|
|
|a 9586484335
|
| 035 |
|
|
|a 2492
|
| 040 |
|
|
|a UMA.RE
|d vLex
|
| 080 |
|
|
|a 347.56:614.25(0.034)
|
| 080 |
|
|
|a 614.25(0.034):347.56
|
| 090 |
|
|
|c 149
|d 149
|
| 100 |
1 |
|
|a Ruz̕ Orejuela , Wilson
|
| 245 |
1 |
0 |
|a Responsabilidad mďica estatal
|h [Recurso electrn̤ico]
|c Wilson Ruz̕ Orejuela
|
| 256 |
|
|
|a Servicio en ln̕ea
|
| 260 |
|
|
|a Bogot ̀:
|b ECOE,
|c 2006
|
| 506 |
1 |
|
|a Contenido solo disponible en los productos indicados
|d vLex Global
|d vLex Global (Academic Edition, excluding Law Schools)
|d vLex Global (U.S. Academic Edition, Law Schools)
|d vLex Global (U.S. Academic Edition, excluding Law Schools)
|d vLex Global (Academic Edition, Law Schools)
|
| 650 |
0 |
4 |
|a Mďicos
|z Colombia
|
| 740 |
0 |
|
|a vLex Libros (Servicios en ln̕ea)
|
| 856 |
4 |
0 |
|u http://vlex.com/source/2492
|z Acceso restringido
|
| 942 |
|
|
|c BOOK
|
| 999 |
0 |
|
|a Physicians--Malpractice)
|b Colombia
|